000 01420nam0a22002531 4500
001 rc\3550463
005 20260407181405.0
021 _aRU
_b[72-64443]
035 _a(NLR Aleph) 007674821
090 _a6474052
_c6474052
100 _a20130115d1972 |||y0rusy50 ca
101 0 _arus
102 _aRU
105 _ay z |||||
200 1 _aКраткие тезисы докладов
_fЦентр. и Харьк. правл. Науч.-техн. о-ва нефт. и газовой пром-сти "ЦП НТО НГП". Всесоюз. науч.-исслед. ин-т природных газов "ВНИИГаз". Всесоюз. совещ. "Пути дальнейшего повышения эффективности и надежности трубопроводного транспорта газа". 4-7 сент. 1972 г.
210 _aМосква
_cБ. и.
_d1972
215 _a128 с.
_d20
606 _aГазопроводы магистральные
_jТезисы докладов
_2psbo
710 1 2 _aВсесоюзное совещание по проблеме "Пути дальнейшего повышения эффективности и надежности трубопроводного транспорта газа"
_eХарьков
_f1972
_9731504
_3RU\NLR\AUTH\8810116110
801 0 _aRU
_bNLR
_gpsbo
801 1 _aRU
_bELAR
_2rusmarc
852 _aNLR
_j72-3/7635
942 _cBOOK
980 _aNB